Économie écologique : (Registro nro. 4281)

Detalles MARC
000 -CABECERA
Campo de control 00876nam a2200241 4500
005 - FECHA Y HORA DE LA ULTIMA TRANSACCION
Campo de control 20160610121840.0
008 - ELEMENTOS DE LONGITUD FIJA—INFORMACION GENERAL
Campo de control 140314t1993 sz a||||r|||| 00| 0 fre d
020 ## - ISBN
ISBN 2825704520
040 ## - FUENTE DE CATALOGACIÓN
Agencia catalogadora original CO-BoIAVH
Agencia transcriptora CO-BoIAVH
041 0# - IDIOMA
Código de idioma para texto/pista de sonido o título separado Francés
044 ## - PAÍS DE PUBLICACIÓN
País de publicación Suiza
082 04 - NUMERO DE CLASIFICACION DECIMAL DEWEY
Número de clasificación 333.70681
Número del ítem P64e
100 1# - ASIENTO PRINCIPAL--NOMBRE PERSONAL
Nombre personal Pillet, Gonzague
Término relacionado autor
9 (RLIN) 18671
245 10 - MENCION DE TITULO
Título Économie écologique :
Parte restante del título introduction à I'économie de I'environnment et des ressources naturelles /
Mención de responsabilidad Gonzague Pillet
260 ## - PUBLICACION, DISTRIBUCION, ETC. (PIE DE IMPRENTA)
Lugar de publicación, distribución, etc. Geneve (Suiza) :
Nombre del editor, distribuidor, etc. Georg Editeur,
Fecha de publicación, distribución, etc. 1993.
300 ## - DESCRIPCION FISICA
Extensión 223 páginas :
Otros detalles físicos ilustraciones ;
Dimensiones 23 x 16 cm.
504 ## - NOTA DE BIBLIOGRAFIA, ETC.
Nota de bibliografía Incluye referencias bibliográficas.
650 16 - ASIENTO SECUNDARIO DE MATERIA - TERMINO TEMATICO
Término temático o nombre geográfico como elemento de entrada Economía medioambiental
9 (RLIN) 71604
650 26 - ASIENTO SECUNDARIO DE MATERIA - TERMINO TEMATICO
Término temático o nombre geográfico como elemento de entrada Polución
Subdivisión general Aspectos económicos
9 (RLIN) 71605
650 26 - ASIENTO SECUNDARIO DE MATERIA - TERMINO TEMATICO
Término temático o nombre geográfico como elemento de entrada Recursos naturales
Subdivisión general Aspectos económicos
9 (RLIN) 71606
650 26 - ASIENTO SECUNDARIO DE MATERIA - TERMINO TEMATICO
Término temático o nombre geográfico como elemento de entrada Ecología
Subdivisión general Aspectos económicos
9 (RLIN) 71607
942 ## - ELEMENTOS ADICIONALES (KOHA)
Tipo de ítem Libro
Sistema de clasificación Dewey Decimal Classification
Existencias
Withdrawn status Lost status Sistema de Clasificación Damaged status No para préstamo Colección Inventariado Ubicación Permanente Ubicación actual Fecha de adquisición Fuente de Valor Valor Total Checkouts Número topográfico Inventario / Código de Barras Date last seen Ejemplar Price effective from Forma de adquisición Tipo de material
    Dewey Decimal Classification     General Inventariado 2017 Sala Fabio Quevedo Sala Fabio Quevedo 19/01/2005 Instituto 39000.00   LB-333.70681 P64e 017062 04/12/2012 Ej. 1 04/12/2012 Compra Libro